000
00186nam a22000977a 4500
082
_a
954.91 PAK'I
245
_a
PAKISTAN LAND & PEOPLE
260
_c
1990
300
_a
152P
942
_c
BK
999
_c
581690
_d
581690